000 00323nam a22001337a 4500
020 _a81-7214-712-0
082 _a291 AMA
100 _aAmaladoss, Michael S. J.
245 _aMaking Harmony: Living in a Pluralistic World
260 _aDelhi
_bISPCK
_c2003
300 _a186
650 _aComparative Religion
942 _cBK
999 _c20770
_d20770